Normal view
MARC view
- Farhan Masood Butt
Entry Personal Name
001 - CONTROL NUMBER
- control field: 101138
003 - CONTROL NUMBER IDENTIFIER
- control field: NUST
005 - DATE AND TIME OF LATEST TRANSACTION
- control field: 20221021161151.0
008 - FIXED-LENGTH DATA ELEMENTS
- fixed length control field: 221021|| aca||aabn | a|a d
040 ## - CATALOGING SOURCE
- Original cataloging agency: NUST
- Transcribing agency: NUST
100 ## - HEADING--PERSONAL NAME
- Personal name: Farhan Masood Butt
670 ## - SOURCE DATA FOUND
- Source citation: Work cat.: (NUST)13044: Farhan Masood Butt, Recognition at next sight, 2014
